Luis Suárez - Statistics

Estatísticas Gerais
  • Esse quiz foi jogado 167 vezes
    86 desde o último reset
  • A pontuação média é 9 de 10
Estatísticas das Respostas
Anos Clubes % Correto
2014-2020 Barcelona
100%
2023 Grêmio
100%
(Seleção)2007- Uruguai
99%
2011-2014 Liverpool
95%
2024- Inter Miami
94%
2005-2006 Nacional
91%
2022 Nacional
91%
2020-2022 Atlético de Madrid
90%
2007-2011 Ajax
76%
2006-2007 Groningen
35%
Nenhum quiz correspondente encontrado
Distribuição das Pontuações
Porcentagem de Pessoas com Cada Pontuação
Percentil de Números Respondidos
Sua Pontuação Histórica
Você não jogou esse quiz desde o último reset